| 000 | 01270nam a2200325 i 4500 | ||
|---|---|---|---|
| 003 | EG-GICUC | ||
| 005 | 20260121101646.0 | ||
| 008 | 260104s2006 ua ||||fr|||| 001 0 ara d | ||
| 017 | _a2006/23578 | ||
| 020 | _a9770451045 | ||
| 040 |
_a EG-GICUC _bara _c EG-GICUC _d EG-GICUC _erda |
||
| 041 | _aara | ||
| 082 | 0 | 4 |
_a343.43504 _bم ح . م _221 |
| 092 | 0 | 4 | _221 |
| 099 | _aLaw1 10 343.43504 م ح . م 2006 1006825 | ||
| 100 | 0 |
_aمحمد صالح صالح غلاب. _eمؤلف. |
|
| 245 | 1 | 2 |
_aالمواجهة التشريعية والأمنية لجرائم الأسلحة والذخائر في المجتمعين اليمني والمصري : _bدراسة مقارنة / _cعقيد دكتور محمد صالح صالح غلاب. |
| 264 | 1 |
_aالقاهرة : _bدار النهضة العربية، _c2006. |
|
| 300 |
_a551 صفحة ؛ _c24 سم. |
||
| 336 |
_2rda content _atext |
||
| 337 |
_2rda media _aComputer |
||
| 338 |
_2rda carrier _aOnline Resource |
||
| 504 | _aيشتمل على ارجاعات ببليوجرافية. | ||
| 546 | _aالنص باللغة العربية | ||
| 650 | 1 |
_aالإرهاب. _2qrmak |
|
| 651 | 1 | _2qrmak | |
| 856 | 4 | 0 | _uhttps://fll.law.cu.edu.eg/fulltext/bks/B10-06825.pdf |
| 905 | _a18 | ||
| 942 |
_2ddc _n0 _cBK _e21 |
||
| 999 |
_c54479 _d54479 |
||